• 首页
  • 本馆介绍
  • 公告通知
  • 最新文献
  • 馆藏检索
  • 电子资源
  • 读者导购
  • 参考咨询
  • 我的图书馆
  • 登录
  • 详细信息显示
  • 放入我的书架
  • 预约/预借图书
  • 作者相关作品
  • 分类相关作品
  • 丛书相关作品
  • 出版社相关作品

书目信息

  • 表格格式
  • 工作单格式
  • 卡片格式
题名:
人论
    
 
作者: 卡西尔 著 ;李荣 译
分册:  
出版信息: 上海   上海文化出版社  2020.01
页数: 279页
开本: 22cm
丛书名:
单 册:
中图分类: G02
科图分类:
主题词: 文化哲学--理论研究
电子资源:
ISBN: 978-7-5535-1815-2
000 00950nam0 2200253 450
001 0108153907
005 20210308154402.0
010    @a978-7-5535-1815-2@b精装@dCNY59.00
100    @a20200408d2020 em y0chiy50 ea
101 1  @achi@cger
102    @aCN@b310000
105    @ay z 000yy
106    @ar
200 1  @a人论@Aren lun@dAn essay on man@f(德)恩斯特·卡西尔(Ernst Cassirer)著@g李荣译@zeng
210    @a上海@c上海文化出版社@d2020.01
215    @a279页@d22cm
330    @a本书分上下两篇,上篇“人是什么”着力探讨了人与动物的分野以及人的符号创造性特点;下篇“人与文化”则对人类文化各个形态与现象,如神话、宗教、语言、艺术、历史、科学等,进行分析探索,自“符号”出发解读人类与人类文化的关系。
510 1  @aEssay on man@zeng
606 0  @a文化哲学@x理论研究
690    @aG02@v5
701  1 @a卡西尔@Aka xi er@4著@c(德)@c(Cassirer, Ernst)
702  0 @a李荣@Ali rong@4译
801  0 @aCN@bBJSZM@c20210308
905    @b1272005-8@dG02@e149@f4
    
    人论=An essay on man/(德)恩斯特·卡西尔(Ernst Cassirer)著/李荣译.-上海:上海文化出版社,2020.01
    279页;22cm
    
    
    ISBN 978-7-5535-1815-2(精装):CNY59.00
    本书分上下两篇,上篇“人是什么”着力探讨了人与动物的分野以及人的符号创造性特点;下篇“人与文化”则对人类文化各个形态与现象,如神话、宗教、语言、艺术、历史、科学等,进行分析探索,自“符号”出发解读人类与人类文化的关系。
●
相关链接 在E读中查询图书 在五车中查询图书 在当当中查询图书 在豆瓣中查询图书


正题名:人论     索取号:G02/149         预约/预借

序号 登录号 条形码 馆藏地/架位号 状态 备注
1 1272005   212720055   第一样本阅览室/ [索取号:G02/149] 在馆    
2 1272006   212720064   教育系资料室/ [索取号:G02/149] 在馆    
3 1272007   212720073   教育系资料室/ [索取号:G02/149] 在馆    
4 1272008   212720082   第四借阅区/ [索取号:G02/149] 在馆    
唐山师范学院图书馆 欢迎您!
大连网信软件有限公司© 版权所有